| 000 | 00370nam a2200133Ia 4500 | ||
|---|---|---|---|
| 008 | 231017s9999 xx 000 0 und d | ||
| 082 | _a388.40483 | ||
| 082 | _bTRB | ||
| 245 | 0 | _a"TCRP Report 124: Guidebook for Measuring, Assessing, and Improving Performance of Demand - Response Transportation" | |
| 245 | 0 | _cTRB | |
| 260 | _bTRB | ||
| 300 | _c30cm | ||
| 942 | _cREP | ||
| 999 |
_c604144 _d604144 |
||